Lipid chromatographic analysis /
Guardado en:
| Otros Autores: | |
|---|---|
| Formato: | Libro |
| Idioma: | English |
| Publicado: |
New York :
Marcel Dekker,
c1994.
|
| Series: | Chromatographic science ;
v. 65. |
| Materias: | |
| Acceso en línea: | Descripción |
| Etiquetas: |
Agregar Etiqueta
Sin Etiquetas, Sea el primero en etiquetar este registro!
|
| LEADER | 01009pam a22002655a 4500 | ||
|---|---|---|---|
| 001 | EIQ.libpla003070 | ||
| 008 | 930916s1994####nyua#####b####001#0#eng#d | ||
| 005 | 20071012163403.0 | ||
| 245 | 0 | 0 | |a Lipid chromatographic analysis / |c edited by Takayuki Shibamoto. |
| 260 | |a New York : |b Marcel Dekker, |c c1994. | ||
| 300 | |a viii, 412 p. : |b il. ; |c 24 cm. | ||
| 490 | 1 | |a Chromatographic science series ; |v v. 65 | |
| 504 | |a Incluye referencias bibliográficas e índice. | ||
| 020 | |a 0824789415 (acid-free paper) | ||
| 700 | 1 | |a Shibamoto, Takayuki., |e ed. |4 edt | |
| 830 | 0 | |a Chromatographic science ; |v v. 65. | |
| 082 | 0 | 0 | |a 574.19/247046 |2 20 |
| 650 | 4 | |a Lípidos |x Análisis. | |
| 650 | 4 | |a Lípidos |x Análisis cromatográfico. | |
| 650 | 0 | |a Lipids |x Analysis. | |
| 650 | 4 | |a Lipids |x Chromatographic analysis. | |
| 010 | |a 93037222 | ||
| 040 | |a DLC |c DLC |d AR-BbSID | ||
| 856 | 4 | 2 | |3 Descripción |u http://www.loc.gov/catdir/enhancements/fy0647/93037222-d.html |
| 859 | |a AR-BbSID |b BIB. PLAPIQUI |h 574.192 470 46 |i L 663 |p 4218 | ||
